| 000 | 00783nam a2200241 i 4500 | ||
|---|---|---|---|
| 001 | 18836 | ||
| 003 | ES-MaACL | ||
| 007 | t| | ||
| 008 | 020320s1974 sp ||||1| spa d | ||
| 020 | _a84-85141-00-8 | ||
| 080 | _a325.254.4:32(460)"1939/75" | ||
| 080 | _a32(460)"1939/75":325.254.4 | ||
| 100 | 0 |
_aBravo-Tellado, A. A. _931505 |
|
| 245 | 1 | 3 |
_aEl peso de la derrota _b: 1939-1944: la tragedia de medio millón de españoles en el exilio / _cA.A. Bravo-Tellado. |
| 250 | _a[1ª ed.]. | ||
| 260 |
_aMadrid : _bEdifrans, _c1974. |
||
| 300 |
_a364 p. : _bil. ; _c21 cm. |
||
| 500 | _aBiblioteca Juan Andrade. | ||
| 650 | 1 | 4 |
_aExiliados españoles. _912656 |
| 852 |
_aES-MaACL _jG-7073 _bR.130917 |
||
| 852 |
_aES-MaACL _jAND-249 _bR.109567 |
||
| 999 |
_c18836 _d18836 |
||